Деятельность потребителей с присоединённой мощностью больше 750 кВА в условиях функционирования рынка электроэнергии; Электроэнергия: от получения и распределения до эффективного использования

Bibliografiske detaljer
Parent link:Электроэнергия: от получения и распределения до эффективного использования.— 2008.— С. 45-47
Hovedforfatter: Кирилова Т. Н.
Sprog:russisk
Udgivet: 2008
Fag:
Format: Book Chapter
KOHA link:https://koha.lib.tpu.ru/cgi-bin/koha/opac-detail.pl?biblionumber=147503

MARC

LEADER 00000naa2a2200000 4500
001 147503
005 20231031145053.0
035 |a (RuTPU)RU\TPU\book\159889 
090 |a 147503 
100 |a 20081114d2008 k y0rusy50 ca 
101 0 |a rus 
102 |a RU 
200 1 |a Деятельность потребителей с присоединённой мощностью больше 750 кВА в условиях функционирования рынка электроэнергии  |f Т. Н. Кирилова 
320 |a Библиогр.: 2 назв. 
463 0 |0 (RuTPU)RU\TPU\book\153908  |y 5-98298-208-3  |t Электроэнергия: от получения и распределения до эффективного использования  |o материалы Всероссийской научно-технической конференции, 12-14 мая 2008 г., Томск  |f Томский политехнический университет  |v С. 45-47  |d 2008  |p 276 с. 
610 1 |a присоединённая мощность 
610 1 |a электроэнергия 
610 1 |a потребители 
610 1 |a договоры 
610 1 |a система регулирования 
610 1 |a рынок 
610 1 |a труды учёных ТПУ 
700 1 |a Кирилова  |b Т. Н. 
801 1 |a RU  |b 63413507  |c 20081114  |g PSBO 
942 |c BK